000 00365nam a22001457a 4500
003 SGT
020 _a9780961542454
082 _a617
_bS2000B
100 _aBOWLES, MARK D.
245 _aSURGRY, SUBSPECIALIZATION & SCIENCE-1921-2000
260 _aCLEVELAND OHIO
_bHISTORY ENTERPRISES PUB
_c2000
300 _a113
650 _aGENERAL SURGERY
942 _2ddc
_cRARE
999 _c22247
_d22247